00539nam a2200181Ia 4500003000400000005001700004008004100021020003000062040001700092082002000109100002400129245008000153250001100233260004400244300001800288650003000306700002100336IIN20240129145713.0231217s9999 xx 000 0 und d cRs.2995.00a9780803610378 aIINbEnglish a610.73677 bWIL1 aWilliams, Linda S. 1 aUnderstanding Medical Surgical NursingcLinda S. Williams & Paula D. Hopper a2nd ed bF. A. Davis CompanyaPhiladelphiac2003 axxviii,1161p.1 aMedical SurgicalvNursing1 aHopper, Paula D.